| 000 | 00806nam a2200253Ia 4500 | ||
|---|---|---|---|
| 003 | OSt | ||
| 005 | 20220925232822.0 | ||
| 006 | a|||||r|||| 00| 0 | ||
| 007 | ta | ||
| 008 | 220923b |||||||| |||| 00| 0 eng d | ||
| 037 | _cGeneral Book | ||
| 040 |
_aRTL _cRTL _beng |
||
| 041 |
_2eng _aeng |
||
| 082 | _aB316, K5 | ||
| 100 |
_aCairns Stewart S _9297798 |
||
| 245 | 0 |
_aDifferent and combinatorial topology _b A symposium in hobor of marston morse |
|
| 260 |
_aNew York _bPrincetion University Press _c1965 |
||
| 300 |
_av,265p. _ccm. |
||
| 490 | _aPrinceton mathmatical series. Ed by Marston Morse and A W Tucker | ||
| 500 | _aBibliography at the end of each Chapter | ||
| 650 | _aAnalysis | ||
| 942 |
_hB316, K5 _cGB _2CC |
||
| 999 |
_c592227 _d592227 |
||